000 00630nam a2200193Ia 4500
005 20250508162524.0
008 008 250505s9999 xx 000 0 eng d
037 _aTextual
040 _aFEDL
_beng
_cFEDL
041 _aeng
_2eng
084 _a181.4, GAU
_qFEDL
100 _aGaur Ved Prakash
245 0 _aIndian thought and existentialism with special reference to the concept of being in gabriel marcel and the upanisads
260 _aDelhi, India
_bEastern Book Linkers
_c1985
300 _axviii,106p.
650 _aOriental Philosophy
_9755543
942 _cTEXL
_h181.4, GAU
999 _c1377074
_d1377074